000 00804nas a2200265 4500
001 BR9401297
003 BR-BrBNA
005 20231205093623.0
007 ta
008 230509b bl.|||p| |||| 00| 00por d
040 _aBR-BrBNA
_bpor
_cBiblioteca Nacional de Agricultura
041 _a(Pt)
072 _aL40
100 1 _aMenin, E.
100 1 _aMimura, O.M.
245 1 _aAnatomia funcional comparativa do estomago de tres peixes teleostei de habito alimentar onivoro
650 _aPeixe
650 _aAnatomia Animal
650 _aMorfologia Animal
650 _aAparelho Digestivo
650 _aHabito Alimentar
773 0 _tRevista Ceres (Brazil)
_xISSN 0034-737X
_g(May-Jun 1992, v. 39(223) p. 233-260
_wBR9401297
909 _a202311
_bLúcia
_c55
_dLúcia Elande
942 _2AGRIS
_n0
_cANA
999 _c139494
_d139494